000 00283nam a22001337a 4500
082 _a001
_bFER/A
100 _aFERRIS,JULIE
245 _aASK ME ANYTHING
246 _aASK ME ANYTHING
_bASK ME ANYTHING
260 _aLONDON
_bD K
_c2009
300 _a302
650 _aG K
942 _cBK
999 _c9012
_d9012